[Event "Krasnoyarsk-ch"]
[Site "Krasnoyarsk"]
[Date "2013.02.09"]
[Round "9"]
[White "Piskunova, Maria"]
[Black "Vorontsov, Vladimir"]
[Result "0-1"]
[WhiteElo "1878"]
[BlackElo "1891"]
[PlyCount "88"]
[EventDate "2013.02.01"]
[EventType "tourn"]
[EventRounds "11"]
[EventCountry "RUS"]
[SourceTitle "CBM 153 Extra"]
[Source "ChessBase"]
[SourceDate "2013.04.22"]
[SourceVersion "1"]
[SourceVersionDate "2013.04.22"]
[SourceQuality "1"]

1. e4 c5 2. Nc3 e6 3. Bc4 Nc6 4. Nf3 d6 5. 0-0 Nf6 6. d4 cxd4 7. Nxd4 Be7 8. h3 0-0 9. a3 Bd7 10. Be3 a6 11. f4 Qc7 12. Ba2 b5 13. f5 e5 14. Nxc6 Bxc6 15. Qf3 Qb7 16. Nd5 Bxd5 17. Bxd5 Nxd5 18. exd5 f6 19. b3 Rac8 20. Qe4 Bd8 21. Rf3 Bb6 22. Kh2 Rc7 23. Re1 Rfc8 24. Re2 Bxe3 25. Rfxe3 Rc5 26. Rd2 Qc7 27. Rg3 Rxc2 28. Rxc2 Qxc2 29. Qg4 Qc7 30. h4 Qf7 31. a4 Rc5 32. axb5 axb5 33. Qb4 Rxd5 34. Qa5 h6 35. Rc3 Rc5 36. Rxc5 dxc5 37. Qxb5 Qh5 38. Qxc5 Qxh4+ 39. Kg1 Qe1+ 40. Kh2 e4 41. Qc8+ Kh7 42. Qe8 Qh4+ 43. Kg1 Qg4 44. Qe6 Qf4 0-1

[Event "Krasnoyarsk op"]
[Site "Krasnoyarsk"]
[Date "2011.10.01"]
[Round "2"]
[White "Sergeev, Ilya"]
[Black "Vorontsov, Vladimir"]
[Result "1-0"]
[WhiteElo "2038"]
[BlackElo "1928"]
[PlyCount "105"]
[EventDate "2011.09.29"]
[EventType "swiss"]
[EventRounds "11"]
[EventCountry "RUS"]
[SourceTitle "EXT 2013"]
[Source "ChessBase"]
[SourceDate "2012.11.22"]
[SourceVersion "1"]
[SourceVersionDate "2012.11.22"]
[SourceQuality "1"]

1. Nf3 d5 2. g3 Nc6 3. d4 Nf6 4. Bg2 g6 5. 0-0 Bg7 6. c4 0-0 7. b3 Bf5 8. Bb2 Qc8 9. Nc3 dxc4 10. bxc4 Ne4 11. e3 Rd8 12. Qe2 Nxc3 13. Bxc3 Bg4 14. Qb2 Qf5 15. e4 Qh5 16. Qxb7 Na5 17. Qxc7 Nxc4 18. Qxc4 Bxf3 19. Qd3 Be2 20. Qe3 Bxf1 21. Rxf1 Rac8 22. e5 Bh6 23. f4 e6 24. Ba5 Rd7 25. d5 Rc2 26. dxe6 fxe6 27. Qb3 Qe2 28. Qxe6+ Rf7 29. Qd5 Bf8 30. e6 Rf5 31. Qb7 Qxe6 32. Be4 Rxa5 33. Bxc2 Qb6+ 34. Qxb6 axb6 35. Bb3+ Kg7 36. Rd1 Ra7 37. Kg2 Rc7 38. Kf3 Bc5 39. Rd8 Re7 40. Kg4 Kh6 41. h4 Bf2 42. Rd2 Be1 43. Rd3 Kg7 44. h5 gxh5+ 45. Kxh5 Bf2 46. g4 Re1 47. Rd7+ Kh8 48. Rd8+ Kg7 49. Kg5 Re4 50. Rd7+ Kh8 51. f5 Re1 52. Kf6 Bh4+ 53. g5 1-0

[Event "Sibiria Region-ch"]
[Site "Barnaul"]
[Date "2011.05.28"]
[Round "9"]
[White "Vorontsov, Vladimir"]
[Black "Khatnikov, Alexander"]
[Result "1-0"]
[WhiteElo "1944"]
[BlackElo "2009"]
[PlyCount "55"]
[EventDate "2011.05.20"]
[EventType "swiss"]
[EventRounds "9"]
[EventCountry "RUS"]
[SourceTitle "EXT 2012"]
[Source "ChessBase"]
[SourceDate "2011.11.24"]
[SourceVersion "1"]
[SourceVersionDate "2011.11.24"]
[SourceQuality "1"]

1. e4 c6 2. c4 d5 3. exd5 Nf6 4. d4 cxd5 5. Nc3 e6 6. Nf3 Bb4 7. a3 Be7 8. c5 b6 9. b4 a5 10. Bf4 0-0 11. Bd3 axb4 12. axb4 Rxa1 13. Qxa1 Nc6 14. Qa4 bxc5 15. Qxc6 cxb4 16. Nb5 Qa5 17. 0-0 Bd7 18. Qb7 Qa8 19. Qxa8 Rxa8 20. Ne5 Bxb5 21. Bxb5 Ra5 22. Bd3 Ra3 23. Rc1 b3 24. f3 h6 25. Rc8+ Bf8 26. Rb8 g5 27. Bd2 Ra4 28. Bc3 1-0

[Event "Sibiria Region-ch"]
[Site "Barnaul"]
[Date "2011.05.21"]
[Round "2"]
[White "Mokhov, Vladimir"]
[Black "Vorontsov, Vladimir"]
[Result "1-0"]
[WhiteElo "2287"]
[BlackElo "1944"]
[PlyCount "67"]
[EventDate "2011.05.20"]
[EventType "swiss"]
[EventRounds "9"]
[EventCountry "RUS"]
[SourceTitle "EXT 2012"]
[Source "ChessBase"]
[SourceDate "2011.11.24"]
[SourceVersion "1"]
[SourceVersionDate "2011.11.24"]
[SourceQuality "1"]

1. d4 Nf6 2. c4 g6 3. Nf3 Bg7 4. Nc3 0-0 5. Bg5 d6 6. e3 Nbd7 7. Be2 h6 8. Bh4 c6 9. Qc2 a6 10. 0-0 b5 11. Rfd1 b4 12. Ne4 Bb7 13. c5 Nxe4 14. Qxe4 Nf6 15. Qc2 d5 16. Qb3 a5 17. a3 Bc8 18. axb4 Rb8 19. Ra4 Bg4 20. Bg3 Rb7 21. b5 cxb5 22. c6 bxa4 23. Qxb7 Ne4 24. c7 Qc8 25. Ba6 Nxg3 26. hxg3 Bf6 27. Rc1 Qxb7 28. Bxb7 Bc8 29. Bxd5 Bd7 30. Bb7 Bc8 31. Bxc8 Rxc8 32. Nd2 e6 33. Rc6 Kg7 34. Nc4 1-0

[Event "Sibiria Region-ch"]
[Site "Barnaul"]
[Date "2011.05.20"]
[Round "1"]
[White "Vorontsov, Vladimir"]
[Black "Sergeev, Albert"]
[Result "0-1"]
[WhiteElo "1944"]
[BlackElo "2323"]
[PlyCount "60"]
[EventDate "2011.05.20"]
[EventType "swiss"]
[EventRounds "9"]
[EventCountry "RUS"]
[SourceTitle "EXT 2012"]
[Source "ChessBase"]
[SourceDate "2011.11.24"]
[SourceVersion "1"]
[SourceVersionDate "2011.11.24"]
[SourceQuality "1"]

1. e4 c5 2. Nf3 Nc6 3. d4 cxd4 4. Nxd4 Nf6 5. Nc3 d6 6. Be3 Ng4 7. Qd2 Nxe3 8. Qxe3 Bd7 9. 0-0-0 g6 10. f4 Bg7 11. Nxc6 bxc6 12. Bc4 0-0 13. e5 d5 14. Bb3 Qb6 15. Qxb6 axb6 16. h3 h5 17. Rd4 e6 18. g4 c5 19. Rdd1 Bc6 20. a3 d4 21. Ne2 Bxh1 22. Rxh1 hxg4 23. hxg4 g5 24. fxg5 Bxe5 25. g6 fxg6 26. Bxe6+ Kg7 27. Kd2 Rae8 28. Bd7 Re7 29. Bc6 Rf2 30. Kd3 c4+ 0-1

[Event "Berdsk Maestro op 15th"]
[Site "Berdsk"]
[Date "2009.07.15"]
[Round "8"]
[White "Dolgov, Alexander"]
[Black "Vorontsov, Vladimir"]
[Result "1-0"]
[WhiteElo "2076"]
[BlackElo "1968"]
[PlyCount "86"]
[EventDate "2009.07.08"]
[EventType "swiss"]
[EventRounds "9"]
[EventCountry "RUS"]
[SourceTitle "EXT 2022"]
[Source "ChessBase"]
[SourceDate "2021.10.06"]
[SourceVersion "1"]
[SourceVersionDate "2021.10.06"]
[SourceQuality "1"]

1. e4 c5 2. Nf3 d6 3. c3 Nf6 4. e5 Nd5 5. Bb5+ Bd7 6. Bc4 e6 7. 0-0 Nb6 8. Bb3 Be7 9. exd6 Bxd6 10. d4 0-0 11. Bc2 Nc6 12. Qd3 f5 13. Bg5 c4 14. Qe2 Qc7 15. b3 h6 16. Bc1 cxb3 17. Bxb3 Rfe8 18. Ba3 a6 19. Bxd6 Qxd6 20. Nbd2 Na5 21. c4 Qf4 22. Qe5 Qxe5 23. Nxe5 Nxb3 24. axb3 Bc8 25. f4 Rf8 26. Ndf3 Nd7 27. Rfd1 Nf6 28. Kf2 Rd8 29. h3 Rd6 30. c5 Rd8 31. Nc4 Ne4+ 32. Ke1 Bd7 33. Nfd2 Nc3 34. Rdc1 Nb5 35. Na5 Bc8 36. c6 bxc6 37. Nxc6 Rd6 38. Ra4 Bb7 39. Rac4 Bxc6 40. Rxc6 Rxc6 41. Rxc6 Nxd4 42. Rc7 Rb8 43. Ra7 Rb4 1-0

[Event "Berdsk Maestro op 15th"]
[Site "Berdsk"]
[Date "2009.07.14"]
[Round "7"]
[White "Vorontsov, Vladimir"]
[Black "Fellenger, Alexander"]
[Result "1-0"]
[WhiteElo "1968"]
[BlackElo "2172"]
[PlyCount "70"]
[EventDate "2009.07.08"]
[EventType "swiss"]
[EventRounds "9"]
[EventCountry "RUS"]
[SourceTitle "EXT 2022"]
[Source "ChessBase"]
[SourceDate "2021.10.06"]
[SourceVersion "1"]
[SourceVersionDate "2021.10.06"]
[SourceQuality "1"]

1. e4 c6 2. d4 d5 3. e5 c5 4. dxc5 e6 5. Qg4 Nd7 6. Bb5 Ne7 7. Nf3 h5 8. Qf4 Nf5 9. c6 bxc6 10. Bxc6 Rb8 11. 0-0 g6 12. Nc3 Rb4 13. Qd2 Bc5 14. a3 Rb6 15. Ba4 0-0 16. b4 Be7 17. Ne2 Qc7 18. Bb2 a5 19. Ned4 Nxd4 20. Bxd4 Rb8 21. c3 Ba6 22. Rfe1 Nb6 23. Bc2 Kg7 24. Qf4 Nc4 25. Ng5 Bc8 26. g4 hxg4 27. Qxg4 Bd7 28. f4 Rh8 29. Re2 Rh6 30. Rg2 Rbh8 31. Nf3 Rh3 32. f5 exf5 33. Bxf5 Bxf5 34. Qxf5 Ne3 35. e6+ Kh6 1-0

[Event "Berdsk Maestro op 15th"]
[Site "Berdsk"]
[Date "2009.07.08"]
[Round "1"]
[White "Vorontsov, Vladimir"]
[Black "Zhang Yushkov, Nikolai"]
[Result "1/2-1/2"]
[WhiteElo "1968"]
[BlackElo "2194"]
[PlyCount "108"]
[EventDate "2009.07.08"]
[EventType "swiss"]
[EventRounds "9"]
[EventCountry "RUS"]
[SourceTitle "EXT 2022"]
[Source "ChessBase"]
[SourceDate "2021.10.06"]
[SourceVersion "1"]
[SourceVersionDate "2021.10.06"]
[SourceQuality "1"]

1. e4 e6 2. Nf3 d5 3. exd5 exd5 4. d4 Nf6 5. Bd3 c5 6. c3 Nc6 7. 0-0 c4 8. Re1+ Be7 9. Bc2 0-0 10. Nbd2 Bg4 11. Nf1 Bh5 12. Ng3 Bg6 13. Nf5 Ne4 14. Nxe7+ Nxe7 15. Ne5 f5 16. f3 Nf6 17. Bg5 Nc6 18. Qd2 Qc7 19. Re2 Nd7 20. Rae1 Nb6 21. Nxg6 hxg6 22. Re6 Kf7 23. Bf4 Qd7 24. Rd6 Qc8 25. Ree6 Qxe6 26. Rxe6 Kxe6 27. Qe1+ Kf7 28. Be5 Rae8 29. f4 Nd7 30. g4 fxg4 31. Qh4 Nf6 32. Qg5 Nxe5 33. fxe5 Ne4 34. Qxg4 Kg8 35. Bxe4 dxe4 36. Qxe4 Rf5 37. Qd5+ Kh7 38. Qxc4 Ref8 39. Qe2 Rg5+ 40. Kh1 Rgf5 41. c4 Rf2 42. Qe3 R8f3 43. Qe4 Rf4 44. Qe3 g5 45. e6 Rxb2 46. Qd3+ Kg8 47. e7 Kf7 48. d5 Rff2 49. d6 Rxh2+ 50. Kg1 Rbd2 51. Qg6+ Kxg6 52. e8Q+ Kh7 53. Qh5+ Kg8 54. Qe8+ Kh7 1/2-1/2

[Event "Berdsk Maestro op 14th"]
[Site "Berdsk"]
[Date "2008.07.14"]
[Round "7"]
[White "Kopylov, Ivan"]
[Black "Vorontsov, Vladimir"]
[Result "0-1"]
[WhiteElo "2098"]
[BlackElo "2013"]
[PlyCount "63"]
[EventDate "2008.07.08"]
[EventType "swiss"]
[EventRounds "9"]
[EventCountry "RUS"]
[SourceTitle "CBM 125 Extra"]
[Source "ChessBase"]
[SourceDate "2008.09.01"]
[SourceVersion "1"]
[SourceVersionDate "2008.09.01"]
[SourceQuality "1"]

1. d4 Nf6 2. c4 g6 3. Nc3 Bg7 4. e4 d6 5. f3 e5 6. dxe5 dxe5 7. Qxd8+ Kxd8 8. Bg5 c6 9. 0-0-0+ Nbd7 10. b4 Kc7 11. Nge2 a5 12. b5 Nc5 13. b6+ Kb8 14. Nd4 Ra6 15. Nb3 Nfd7 16. Nxc5 Nxc5 17. Be7 Bf8 18. Rd8 Ne6 19. Bd6+ Bxd6 20. Rxh8 Ba3+ 21. Kc2 Rxb6 22. Bd3 Rb2+ 23. Kd1 Bb4 24. Nb1 Rxa2 25. g3 a4 26. f4 exf4 27. gxf4 Rf2 28. f5 Nd4 29. fxg6 hxg6 30. Rf1 Rg2 31. Rxf7 a3 32. Nxa3 0-1